| 000 | 00587nam a2200193Ia 4500 | ||
|---|---|---|---|
| 005 | 20250923144737.0 | ||
| 008 | 008 250917s9999 xx 000 0 eng d | ||
| 037 | _aTextual | ||
| 040 |
_aDSWL _beng _cDSWL |
||
| 041 |
_aeng _2eng |
||
| 084 |
_aYX,Zr;7-8g, N59 _qDSWL |
||
| 100 |
_aMeyer, H.J. _9827964 |
||
| 245 | 0 |
_aExperiment in mental patient rehabilitation _cby H.J. Meyer |
|
| 260 |
_aNew York _b Russell Sage Foundation _c1989 |
||
| 300 | _a114p. | ||
| 700 |
_a E.F. Borgatta _9827965 |
||
| 942 |
_cTEXL _hYX,Zr;7-8g, N59 |
||
| 999 |
_c1442782 _d1442782 |
||